01177nam a2200193 a 450000100100000000500170001000800410002704000250006808200160009311000700010924500370017926000680021630000270028449000370031150504580034883000460080695201140085299900170096600004425320201002045239.0140611s1980 dr a 000 0 spa d aDO-SdBNPbspacBNPHU axxxxbR426s1 aRepública DominicanabSecretaría de Estado de Finanzas93226414a[Fortalecimiento institucional]. aSanto Domingo :bInstituto de Capacitación Tributaria,c1980. a97 p. :bil. ;c21 cm.1 aFortalecimiento institucionalv30 tLos servicios administrativos --tLos informes gerenciales --tProceso de decisión --tTerminología usual en computación --tReclutamiento y selección de personal --tUso de cuestionarios en organización y sistemas --tLas nuevas tendencias en el procesamiento de datos --tTécnicas modernas en procesamiento de datos --tProceso de instalación y puesta en marcha de un computador --tNociones modernas de manajo de datos por computador -- 0aFortalecimiento institucional ;n3972258 0010718PDaPDbPDcCTd2014-06-11iLF1l0oxxxx R426sp44253-10r2020-06-25w2020-06-25yLFPDZNo se presta c43742d43742